00438nam a2200181Ia 4500003000400000005001700004008004100021040000700062041000800069082002300077100001800100245003700118260004800155300000700203365001300210650001900223650001400242OSt20230602082423.0210423s2003 xx 000 0 und d cAL aeng a305.562 b232TAOM aTAORI (Kamal) aMarketing the unorganized sector aNew DelhibConcept publishing companyc2003 bHB b400cINR aSocial Classes aSociology